Առաջին վաստակ : (Record no. 535236)
[ view plain ]
| 000 -LEADER | |
|---|---|
| fixed length control field | 01811nam a2200265 a 4500 |
| 001 - CONTROL NUMBER | |
| control field | 2020989 |
| 003 - CONTROL NUMBER IDENTIFIER | |
| control field | AM-YeHGA |
| 005 - DATE AND TIME OF LATEST TRANSACTION | |
| control field | 20260213095805.0 |
| 008 - FIXED-LENGTH DATA ELEMENTS--GENERAL INFORMATION | |
| fixed length control field | 250603s1904 gs a||||r|||||00||1|arm|d |
| 040 ## - CATALOGING SOURCE | |
| Original cataloging agency | AM-YeHGA |
| 041 1# - LANGUAGE CODE | |
| Language code of text/sound track or separate title | arm |
| Language code of original | rus |
| 100 1# - MAIN ENTRY--PERSONAL NAME | |
| Personal name | Սեմենկա, Մ. |
| 245 10 - TITLE STATEMENT | |
| Title | Առաջին վաստակ : |
| Remainder of title | Զրոյց : Պատկերազարդ / |
| Statement of responsibility, etc. | Մ. Սեմենկա ; Փոխադրեց` Լեւոն Մելիք-Ադամեանց. |
| 260 ## - PUBLICATION, DISTRIBUTION, ETC. | |
| Place of publication, distribution, etc. | Թիֆլիզ : |
| Name of publisher, distributor, etc. | Արագատիպ Տպ. Մն. Մարտիրոսեանցի, |
| Date of publication, distribution, etc. | 1904. |
| 300 ## - PHYSICAL DESCRIPTION | |
| Extent | (5 գիրք մեկ կազմի մեջ) ; 60 գծափակ էջ : |
| Other physical details | նկար ; |
| Dimensions | 21 սմ. |
| 440 #0 - SERIES STATEMENT/ADDED ENTRY--TITLE | |
| Title | Մանկական գրադարան |
| 500 ## - GENERAL NOTE | |
| General note | Ալիգ 3 |
| 500 ## - GENERAL NOTE | |
| General note | Տիտղոսաթերթը զարդափակ, վրան՝ զարդանախշ: |
| 501 ## - WITH NOTE | |
| With note | Մեկ կազմի մեջ՝ Նապաստակ Խէչանի վրէժխնդրութիւնը կամ ինքդ քեզ օգնիր : Զրոյց պատկերազարդ / Ժ. Մասսօն : Թիֆլիզ: Արագատիպ տպ. Մն. Մարտիրոսեանցի: 1905։ - Ալիգ 1 ; Մըռռան / Օ․ Ի․ Շմիդտ ։ Թիֆլիս։ Տպարան «Արօր» Տ․ Նազարեան։ 1892։ - Ալիգ 2 ; Փոքրիկ Ցոլակն ու խլըշիկ նապաստակը / Կօտ-Մուռլիկա ։ Թիֆլիզ։ Արագատիպ տպ. Մն. Մարտիրոսեանցի։ 1904։ - Ալիգ 4 ; Ընկերասէր Վահանը / Տիկ․ Ս․ Յակոբջանեան ։ Թիֆլիս։ Տպարան Մ․ Դ․ Ռոտինեանցի։ 1896։ - Ալիգ 5 |
| 650 14 - SUBJECT ADDED ENTRY--TOPICAL TERM | |
| Topical term or geographic name entry element | Ռուս մանկական գրականություն |
| General subdivision | Զրույց |
| 651 #4 - SUBJECT ADDED ENTRY--GEOGRAPHIC NAME | |
| Geographic name | Թբիլիսի |
| 9 (RLIN) | 6558 |
| 651 #4 - SUBJECT ADDED ENTRY--GEOGRAPHIC NAME | |
| Geographic name | Վրաստան |
| 9 (RLIN) | 6630 |
| 700 1# - ADDED ENTRY--PERSONAL NAME | |
| Personal name | Մելիք-Ադամեանց, Լեւոն |
| Relator term | թարգմ. |
| Relationship | trl |
| 942 ## - ADDED ENTRY ELEMENTS (KOHA) | |
| Source of classification or shelving scheme | Universal Decimal Classification |
| Koha item type | Գրքեր / Books |
| Withdrawn status | Lost status | Source of classification or shelving scheme | Damaged status | Not for loan | Collection | Home library | Current library | Date acquired | Serial enumeration / chronology | Inventory number | Total checkouts | Full call number | Barcode | Date last seen | Price effective from | Koha item type | Public note |
|---|---|---|---|---|---|---|---|---|---|---|---|---|---|---|---|---|---|
| Universal Decimal Classification | Agulian Individual Collection | Fundamental Scientific Library | Fundamental Scientific Library | 03/06/2025 | Ալիգ 3 | Ագուլ/643 | Ագուլ/641 | FL0693571 | 03/06/2025 | 03/06/2025 | Գրքեր / Books | ILL Non-Circ. |
ՀՀ Գիտությունների ազգային ակադեմիայի հիմնարար գիտական գրադարան = Fundamental Scientific Library of NAS RA
All site content, except where otherwise noted, is licensed under a